000 00915nam a22001935i 4500
001 153995
003 ES-MaACL
005 20250813092331.0
008 990118s1892 sp |||| | spa d
040 _aCCPB | B
_bspa
_cCCPB | B
245 0 0 _aCatálogo de la colección etnológica del Museo Nacional de los Estados Unidos.
260 _aMadrid :
_bEst. Tipográfico Sucesores de Rivadeneyra,
_c1892.
300 _a120 p. ;
_c25 cm.
610 2 4 _aUnited States National Museum-
_vCatálogos.
_9148015
650 7 _aAntropología cultural y social
_2embne
_99867
711 2 _aExposición Histórico-Americana
_d(1892.
_cMadrid)
_9135137
852 _aES-MaACL
_jG-5346
_z-- Enc. tela
_z-- Dedicatoria ms. de Walter Hough al Ateneo de Madrid
_x-- Edic.: Precede al tit.: Exposición histórico-americana, Madrid 1892, Estados Unidos -- En pag.1 consta como autor Walter Hough
999 _c153995
_d153995